Islam and the plight of modern man / (Record no. 542161)

000 -LEADER
fixed length control field 00484pam a2200169 i 4500
020 ## - INTERNATIONAL STANDARD BOOK NUMBER
International Standard Book Number 0582780535 :
082 00 - DEWEY DECIMAL CLASSIFICATION NUMBER
Classification number 297
Author Mark NAS
-- l31,P-179
100 1# - MAIN ENTRY--PERSONAL NAME
Personal name Nasr, Seyyed Hossein.
9 (RLIN) 181
245 10 - TITLE STATEMENT
Title Islam and the plight of modern man /
Statement of responsibility, etc. Seyyed Hossein Nasr.
260 ## - PUBLICATION, DISTRIBUTION, ETC.
Place of publication, distribution, etc. London ;
-- New York :
Name of publisher, distributor, etc. Longman,
Date of publication, distribution, etc. 1975.
300 ## - PHYSICAL DESCRIPTION
Extent xii, 161 p. ;
Dimensions 24 cm.
500 ## - GENERAL NOTE
General note Includes index.
526 ## - STUDY PROGRAM INFORMATION NOTE
Program name 0
Interest level 0
Reading level 0
Title point value 297_000000000000000_NAS
650 #0 - SUBJECT ADDED ENTRY--TOPICAL TERM
Topical term or geographic name entry element Islam
650 #0 - SUBJECT ADDED ENTRY--TOPICAL TERM
Topical term or geographic name entry element MCE
9 (RLIN) 379
942 ## - ADDED ENTRY ELEMENTS (KOHA)
Source of classification or shelving scheme
Koha item type Book
Holdings
Withdrawn status Lost status Source of classification or shelving scheme Damaged status Not for loan Permanent Location Current Location Date acquired Total Checkouts Full call number Barcode Date last seen Price effective from Koha item type
          Military College of Engineering (MCE) Military College of Engineering (MCE) 09/24/2013   297 NAS MCE-22237 09/24/2013 09/24/2013 Book
© 2023 Central Library, National University of Sciences and Technology. All Rights Reserved.